000 00601nam a2200229 a 4500
999 _c12572
_d12572
001 12572
003 BD-JhCC
005 20220910130710.0
008 201128b19932004vau |||| ||a| 001 0 eng d
020 _a0961757310
035 _a(BD-JhCC)12572
040 _aBD-JhCC
_dBD-JhCC
041 _aEnglish
082 _a297.09
_bMUN 2004
100 _aMunjee, Aslam
245 _aThe Criusades:
_bThen and Now /
_cAslam Munjee.
260 _aVirginia:
_bFirst Amendent Publishers;
_c2004.
300 _a851 p. :
_c24 cm.
650 _aCriusades History
_zNovel
942 _2ddc
_cBK
_021